Taylor Swift Lyrics (Medium Edition) - Statistics

General Stats
  • This quiz has been taken 53 times
  • The average score is 6 of 15
Answers on the Grid
Answers color-coded by a green-red scale on the quiz's grid according to % correct below.
I walked to the door with you
I want to be with you for evermore
Go save the world, I'll be around
She stole his dog and dyed it key lime green
I need to forget so take me to Georgia
Your eyes are flying saucers from another planet
They say looks can kill and I might try
So why'd you have to ruin all my parade ?
I want you for worse or for better
Dear Lord when I get to heaven, please let me bring my man
Shadows of us are still dancing, in every room and every hall
I choose you and me, religiously
Phone lights up my nightstand in the black
Bye bye, baby
Put narcotics into all of my songs
still alive, killing time in the graveyard...
I am asking you this question for the last time.
Vintage tee, brand new phone
Now you're running down the hallway
They said the end is coming, everyone's up to something
As we danced in the night, remember how the stars stole the night away
Back and forth in NY sneaking in your bed
I go back to august all the time
Did some bird flap its wings over in Asia ?
 
Answer Stats
Answer % Correct
I walked to the door with you
62%
She stole his dog and dyed it key lime green
54%
Bye bye, baby
42%
Put narcotics into all of my songs
42%
They say looks can kill and I might try
42%
They said the end is coming, everyone's up to something
38%
Vintage tee, brand new phone
38%
I choose you and me, religiously
35%
I want you for worse or for better
35%
Phone lights up my nightstand in the black
35%
Did some bird flap its wings over in Asia ?
31%
Your eyes are flying saucers from another planet
31%
Go save the world, I'll be around
27%
Now you're running down the hallway
27%
Back and forth in NY sneaking in your bed
19%
No matching quizzes found
Score Distribution
Percent of People with Each Score
Percentile by Number Answered
Your Score History
You have not taken this quiz